Termodinámica teoría cinética y termodinámica estadística / (Registro nro. 7881)
[ vista simple ]
| 000 -CABECERA | |
|---|---|
| Campo de control interno | 01869nam a2200277Ia 4500 |
| 008 - ELEMENTOS DE LONGITUD FIJA - INFORMACIÓN GENERAL | |
| Campo de control de longitud fija | 260220t1978||||xx |||||||||||||| ||spa|| |
| 020 ## - ISBN | |
| ISBN | 8429141618 |
| 040 ## - FUENTE DE CATALOGACIÓN | |
| Agencia de catalogación original | PY-SlUNAC |
| Idioma de catalogación | spa |
| Convenciones de descripción | rda |
| 041 ## - CÓDIGO DE IDIOMA | |
| Código de idioma para texto/pista de sonido o título separado | spa |
| 082 ## - NÚMERO DE CLASIFICACIÓN DECIMAL DEWEY | |
| Clasificación Decimal Dewey (CDD) | 541.369 |
| Clasificación Expansiva de Cutter (EC) | Sea17t |
| 100 ## - ASIENTO PRINCIPAL - NOMBRE PERSONAL | |
| Nombre personal | Sear, Francis W. |
| Rol del autor | Autor |
| 245 #0 - TÍTULO | |
| Título | Termodinámica teoría cinética y termodinámica estadística / |
| Mención de responsabilidad | por Francis W. Sear [Autor] y Gerhard Salinger [Autor] |
| 250 ## - MENCIÓN DE EDICIÓN | |
| Mención de edición | Segunda edición |
| 264 ## - PIE DE IMPRENTA | |
| Lugar | Barcelona : |
| Editorial | Reverté, |
| Año | ℗1978. |
| 300 ## - DESCRIPCIÓN FÍSICA | |
| Páginas | 1 volumen |
| 520 ## - NOTA DE RESUMEN | |
| Nota de resumen | El libro "Termodinámica: Teoría Cinética y Termodinámica Estadística" de Francis W. Sear presenta un enfoque integral sobre los principios fundamentales de la termodinámica, combinando conceptos de la teoría cinética y la termodinámica estadística. A lo largo de sus capítulos, Sear explora los fundamentos de la energía, el calor y el trabajo, así como las leyes que rigen los sistemas termodinámicos. Se analiza el comportamiento de las partículas en movimiento, proporcionando una base sólida para entender la relación entre la temperatura, la presión y el volumen. Además, el autor introduce herramientas matemáticas útiles para el estudio de sistemas complejos, enfatizando la importancia de la estadística en la descripción de fenómenos macroscópicos. Este texto es una referencia valiosa para estudiantes y profesionales en el campo de la física y la ingeniería, ofreciendo una perspectiva clara y detallada que facilita la comprensión de las interacciones moleculares y la naturaleza del equilibrio térmico. |
| 653 ## - MATERIA - TÉRMINO TEMÁTICO NO CONTROLADO (PALABRAS CLAVE) | |
| Materia - término temático no controlado (palabras clave) | Ciencia |
| 653 ## - MATERIA - TÉRMINO TEMÁTICO NO CONTROLADO (PALABRAS CLAVE) | |
| Materia - término temático no controlado (palabras clave) | Física |
| 653 ## - MATERIA - TÉRMINO TEMÁTICO NO CONTROLADO (PALABRAS CLAVE) | |
| Materia - término temático no controlado (palabras clave) | Termodinámica |
| 700 ## - ENTRADA SECUNDARIA - AUTOR PERSONAL | |
| Nombre personal | Salinger, Gerhard |
| Rol del autor | Autor |
| 942 ## - ELEMENTOS PERSONALIZADOS (KOHA) | |
| Fecha catalogación | 2026/02/17 |
| Tipo de documento | Libros |
| Fuente de Clasificacion | Colección | Ubicacion permanente | Biblioteca actual | Fecha de Ingreso a la Biblioteca | Origen de adquisición | Enumeración en serie / cronología | Código de ubicación | Código de barras | Tipo de Item KOHA | Nota pública |
|---|---|---|---|---|---|---|---|---|---|---|
| Dewey Decimal Classification | Colección General (CG) | Biblioteca e Internet, Facultad de Ciencias Exactas y Naturales | Biblioteca e Internet, Facultad de Ciencias Exactas y Naturales | 02/20/2026 | Donación | 2aEd. | 541.369 Sea17t | CG1241 | Libros | Material disponible en la Biblioteca e Intenet, Campus UNA, San Lorenzo. |


